000 04490nab a2200361 i 4500
003 BR-BrBNA
005 20250624191515.0
008 250624b2023 bl.mr|pooa||| 00| 0 eng |
040 _aBR-BrBNA
_beng
072 _aF60
_b1120
072 _aF61
100 _aSanches, Luciana G.
100 _aSantos, Alana J. da S.
100 _aCarreiro, Daniel de A.
100 _aCunha, Jenilton G. da
100 _aLobo, Jackson T.
100 _aCavalcante, Ítalo H. L.
100 _aPaiva Neto, Vespasiano B. de
245 _aBiochemical responses in ‘Kent’ mango grown in Brazilian semi-arid region under different doses of triacontanol
500 _aPublicação on-line; 29 ref.; 8 illus; 2 tables; Sumaries (En, Pt)
520 _a ABSTRACT: The management adopted for the mango crop requires that, at a certain stage, the irrigation depth should be reduced to promote a more uniform flowering. In regard to that, it is necessary to introduce new alternatives that mitigate the harmful effects of abiotic stress and that promote greater fruit yield. Therefore, the present study aimed to evaluate the influence of triacontanol on the levels of organic solutes, antioxidant enzymatic activity, and production of ‘Kent’ mango under Brazilian semi-arid conditions. The experiment was carried out for two consecutive years, 2018 and 2019, in a commercial orchard located at the DAN Farm, Petrolina-PE. The experimental design used was randomized blocks, with five treatments and four replications, evaluating four plants per plot. The treatments consisted of triacontanol doses: 0 (control treatment), 3.75; 7.50; 11.25, and 15.00 ppb per plant. Two consecutive harvests (2018 and 2019) were evaluated during the stages of branch maturation (2019 only), floral induction, full flowering, and initial fruiting. Foliar application of triacontanol positively favored the contents of total amino acids, free proline, total proteins, and activity of the enzymes superoxide dismutase (SOD), ascorbate peroxidase (APX), and catalase (CAT). There was an increase in production of 50.85% (dose - 11.25 ppb) and 64.95% (dose - 10.50 ppb) in the 2018 and 2019 crop years, respectively. Key words: Mangifera indica L., antioxidant enzymes, proline
520 _a RESUMO: O manejo adotado para a cultura da manga exige que, em determinada fase, a lâmina de irrigação seja reduzida para promover uma floração mais uniforme. Nesse sentido, é necessário inserir novas alternativas que atenuem os efeitos deletérios do estresse abiótico e que promovam maior produtividade de frutos. Portanto, o presente estudo teve como objetivo avaliar a influência do triacontanol sobre os teores de solutos orgânicos, atividade enzimática antioxidante e produção de mangueira ‘Kent’ nas condições do semiárido brasileiro. O experimento foi realizado em duas safras consecutivas, 2018 e 2019, em um pomar comercial localizado na Fazenda Dan, PetrolinaPE. O delineamento experimental utilizado foi em blocos casualizados, com cinco tratamentos e quatro repetições, sendo avaliadas quatro plantas por parcela. Os tratamentos consistiram em doses de triacontanol: 0 (tratamento controle); 3,75; 7,50; 11,25 e 15,00 ppb por planta. Duas safras consecutivas (2018 e 2019) foram avaliadas durante os estágios de maturação do ramo (somente 2019), indução floral, floração plena e frutificação inicial. Apesar das variações entre safras, observou-se que a aplicação foliar de triacontanol favoreceu positivamente os teores de aminoácidos totais, prolina livre, proteínas totais e atividade das enzimas superóxido dismutase (SOD), ascorbato peroxidase (APX) e catalase (CAT). Houve aumento na produção de 50,85% (na dose 11,25 ppb) e 64,95% (na dose 10,50 ppb) nas safras de 2018 e 2019, respectivamente. Palavras-chave: Mangifera indica L., enzimas antioxidantes, prolina
650 _aMANGA
650 _aPROPRIEDADE FÍSICO-QUÍMICA
650 _aENZIMA
650 _aPROLINA
650 _aANTIOXIDANTE
650 _aFISIOLOGIA VEGETAL
773 0 _03534
_9317833
_dCampina Grande-PB Universidade Federal de Campina Grande. Centro de Ciências e Tecnologia 1997
_o2024-4552
_tRevista Brasileira de Engenharia Agrícola e Ambiental (Brazil)
_x1415-4366
_gv. 27 (5) p. 309-316; (2023)
_wBR2025001511
856 _uhttps://www.scielo.br/j/rbeaa/a/YrxhMSq9bdWnFWKpxzSRxst/?format=pdf&lang=en
942 _cANA
999 _c332207
_d332207